LEADER 01593nam--2200433---450- 001 990002846150203316 005 20100114101840.0 010 $a2-275-02030-6 035 $a000284615 035 $aUSA01000284615 035 $a(ALEPH)000284615USA01 035 $a000284615 100 $a20061218d2001----km-y0itay50------ba 101 $afre 102 $aFR 105 $a||||||||001yy 200 1 $a<> cessions contrattuelles de créances de sommes d'argent dans les relations civiles et commerciales franco-allemandes$fEleanor Cashin-Ritaine$gPréface de Filippo Ranieri$gAvant-propos de Françcois Jacquot 210 $aParis$cL.G.D.J.$dcopyr. 2001 215 $aIX, 644 p.$d24 cm 225 2 $aBibliothèque de droit privé$v348 410 0$12001$aBibliothèque de droit privé$v348 454 1$12001 461 1$1001-------$12001 606 0 $aObbligazioni$xDiritto$yFrancia 606 0 $aObbligazioni$xDiritto$yGermania 676 $a346.44022 700 1$aCASHIN-RITAINE,$bEleanor$0595404 702 1$aRANIERI,$bFilippo 702 $aJacquot,$bFrançois 801 0$aIT$bsalbc$gISBD 912 $a990002846150203316 951 $aXXV.1. Coll. 31/ 17 (COLL PHY 348)$b53278 G.$cXXV.1. Coll. 31/ 17 (COLL PHY)$d00209523 959 $aBK 969 $aGIU 979 $aFIORELLA$b90$c20061218$lUSA01$h1239 979 $aPATRY$b90$c20070221$lUSA01$h1337 979 $aRSIAV2$b90$c20100114$lUSA01$h1018 996 $aCessions contrattuelles de créances de sommes d'argent dans les relations civiles et commerciales franco-allemandes$9992441 997 $aUNISA LEADER 01888nam 2200529 450 001 9910707674803321 005 20160922083959.0 035 $a(CKB)5470000002465788 035 $a(OCoLC)958932415 035 $a(EXLCZ)995470000002465788 100 $a20160922j201608 ua 0 101 0 $aeng 135 $aurcn||||||||| 181 $ctxt$2rdacontent 182 $cc$2rdamedia 183 $acr$2rdacarrier 200 10$aAdditional results of glaze icing scaling in SLD conditions /$fJen-Ching Tsao 210 1$aCleveland, Ohio :$cNational Aeronautics and Space Administration, Glenn Research Center,$dAugust 2016. 215 $a1 online resource (26 pages) $ccolor illustrations 225 1 $aNASA/CR ;$v2016-219131 300 $aTitle from title screen (viewed Sept. 22, 2016). 300 $a"August 2016." 300 $a"Prepared for the 8th Atmospheric and Space Environments Conference sponsored by AIAA, Washington, D.C., June 13 17, 2016." 300 $a"Prepared under contract NCC13BA10B." 300 $a"AIAA 2016-3278." 320 $aIncludes bibliographical references (pages 25+26). 517 3 $aAdditional results of glaze icing scaling in super-cooled large drops conditions 606 $aDigital techniques$2nasat 606 $aDrop size$2nasat 606 $aFreezing$2nasat 606 $aIce formation$2nasat 606 $aStagnation point$2nasat 606 $aSupercooling$2nasat 615 7$aDigital techniques. 615 7$aDrop size. 615 7$aFreezing. 615 7$aIce formation. 615 7$aStagnation point. 615 7$aSupercooling. 700 $aTsao$b Jen-Ching$01402002 712 02$aNASA Glenn Research Center, 801 0$bGPO 801 1$bGPO 906 $aBOOK 912 $a9910707674803321 996 $aAdditional results of glaze icing scaling in SLD conditions$93481864 997 $aUNINA